|
|
|
|
| LEADER |
01015nam a2200253 a 4500 |
| 001 |
3032471 |
| 008 |
100930m20091995njua b 001 0 eng d |
| 010 |
|
|
|a 95010987
|
| 020 |
|
|
|a 9788177584417
|
| 020 |
|
|
|a 0133244350
|
| 040 |
|
|
|a DLC
|c DLC
|d DLC
|d DB-DhAAL
|
| 082 |
0 |
0 |
|a 006.6
|2 20
|
| 100 |
1 |
|
|a Steinmetz, Ralf.
|
| 245 |
1 |
0 |
|a Multimedia :
|b computing, communications, and applications /
|c Ralf Steinmetz, Klara Nahrstedt.
|
| 260 |
|
|
|a Upper Saddle River, NJ ;
|a New Delhi :
|b Pearson-Prentice Hall,
|c c1995.[impression 2009]
|
| 300 |
|
|
|a xxvi, 854 p. :
|b ill. ;
|c 24 cm.
|
| 490 |
0 |
|
|a Prentice Hall series in innovative technology
|
| 504 |
|
|
|a Includes bibliographical references(p. 791-841) and index.
|
| 541 |
1 |
|
|e 00021157
|
| 650 |
|
0 |
|a Multimedia systems.
|
| 700 |
1 |
|
|a Nahrstedt, Klara.
|
| 852 |
4 |
|
|a Ayesha Abed Library
|j General Shelf.
|
| 999 |
|
|
|c 9595
|d 9595
|
| 952 |
|
|
|0 0
|1 0
|2 ddc
|4 0
|6 006_600000000000000_STE_2009
|7 0
|9 12210
|a BRACUL
|b BRACUL
|c GEN
|d 2010-09-30
|l 0
|o 006.6 STE
|p 3010021157
|r 2010-09-30
|t 1
|w 2010-09-30
|y BK
|